00513nam a22000977a 4500040000800000082002800008100004700036245028600083260002600369300002000395 cRUA aAGR PON 2024 B542 Or.1  aPON VIKAT, ប៉ុន វិក័តិ aComparison Of Different Fertilizer On Growth And Yield Of Cardamom, ការប្រៀបធៀបការប្រើប្រាស់ជីផ្សេងៗគ្នាទៅលើការលូតលាស់និងទិន្នផលដំណាំក្រវាញ aPHNOM PENHbRUAc2024 ax,bill,c29cm,